00310nam a2200121Ia 450000500170000000800410001704100080005808200160006610000160008224500420009826000340014065000140017420250729165807.0250729s2010 xx 000 0 und d aeng a370.50 CHAP aT.N.Chaabra aPrinciples and Practice of Management aIndiabDhanpat Rai & Coc2010 aEducation